000 00428nam a2200181Ia 4500
001 12372
005 20260306162936.0
008 260306t2023||||xx |||||||||||||| ||spa||
041 _aESP
082 _aHR 344
_bAGO 2023 GPP
110 _aGaceta Jurídica
245 0 _aGaceta penal & procesal penal
260 _c2023
300 _a280 páginas :
_c25 cm.
650 _aGEN
654 _aCDE
942 _cREV
_dJUS
_fJUS
_2ddc
_n
999 _c12372
_d12372